The selective licensing of houses (additional conditions) (Wales) order 2006 (Record no. 106245)

MARC details
000 -LEADER
fixed length control field 01367cam a2200217 4500
001 - CONTROL NUMBER
control field L135922
008 - FIXED-LENGTH DATA ELEMENTS--GENERAL INFORMATION
fixed length control field 061218n2006 000 0 eng u
035 ## - SYSTEM CONTROL NUMBER
System control number (Sirsi) u135922
041 0# - LANGUAGE CODE
Language code of text/sound track or separate title eng
110 1# - MAIN ENTRY--CORPORATE NAME
Corporate name or jurisdiction name as entry element United Kingdom
Form subheading Laws, etc
9 (RLIN) 5044
245 04 - TITLE STATEMENT
Title The selective licensing of houses (additional conditions) (Wales) order 2006
260 ## - PUBLICATION, DISTRIBUTION, ETC.
Place of publication, distribution, etc. London
Name of publisher, distributor, etc. TSO
Date of publication, distribution, etc. 2006
490 #0 - SERIES STATEMENT
Series statement Welsh Statutory Instrument
-- 2006
-- 2825
520 ## - SUMMARY, ETC.
Summary, etc. This order came into force on 26th October 2006. Section 80 of the Housing Act 2004 (Designation of selective licensing areas) allows a local housing authority to designate either the area of their district, or an area in their district as subject to selective licensing if the requirements of subsections (2) and (9) are met. Article 3 of this Order sets out the additional conditions which must be met before a local housing authority designate an area of their district or an area in their district as subject to selective licensing.
650 24 - SUBJECT ADDED ENTRY--TOPICAL TERM
Topical term or geographic name entry element HOUSING ACT 2004 PART IV
650 24 - SUBJECT ADDED ENTRY--TOPICAL TERM
Topical term or geographic name entry element HOUSING ACT 2004 S80
650 24 - SUBJECT ADDED ENTRY--TOPICAL TERM
Topical term or geographic name entry element SELECTIVE LICENSING OF HOUSES (ADDITIONAL CONDITIONS) (WALES) ORDER 2006
690 ## - LOCAL SUBJECT ADDED ENTRY--TOPICAL TERM (OCLC, RLIN)
Topical term or geographic name as entry element PROPERTY-RESIDENTIAL PROPERTY-DOMESTIC RESIDENTIAL PROPERTY-HOUSING
856 40 - ELECTRONIC LOCATION AND ACCESS
Uniform Resource Identifier <a href="https://www.opsi.gov.uk/legislation/wales/wsi2006/20062825e.htm">https://www.opsi.gov.uk/legislation/wales/wsi2006/20062825e.htm</a>
Public note View the Order free of charge at www.opsi.gov.uk...
942 ## - ADDED ENTRY ELEMENTS (KOHA)
Suppress in OPAC 0
Holdings
Withdrawn status Lost status Source of classification or shelving scheme Damaged status Not for loan Home library Current library Shelving location Date acquired Total Checkouts Full call number Barcode Date last seen Copy number Price effective from Koha item type
    Dewey Decimal Classification     Virtual Virtual Online 18/12/2006   ONLINE PUBLICATION 135922-1001 06/08/2019 1 06/08/2019 Book